Statistics for Most Explored Country Maps on Geoguessr

Click here to take the quiz!

General Stats

  • This quiz has been taken 1,248 times
    (754 since last reset)
  • The average score is 21 of 25

Answer Stats

Times playedMap% Correct
8 172 603United States
99%
2 755 266United Kingdom
96%
882 894France
95%
640 754Russia
95%
874 820Canada
94%
619 261Brazil
93%
1 049 210Spain
92%
376 765Germany
90%
388 875Italy
90%
701 463Japan
90%
814 147Australia
89%
635 123Sweden
85%
266 057Norway
84%
237 788Argentina
83%
309 042India
83%
131 914Portugal
83%
169 312Finland
82%
339 998Poland
82%
165 268Denmark
74%
135 104New Zealand
74%
149 199Ireland
73%
937 673Netherlands
73%
265 215Turkey
73%
180 523Switzerland
65%
119 270Romania
55%

Score Distribution

Percentile by Number Answered

Percent of People with Each Score

Your Score History

You have not taken this quiz since the last reset